000 00543nam a22001937a 4500
003 CEME
005 20210628202007.0
008 210222b xxu||||| |||| 00| 0 eng d
020 _a0-521-64831-9
040 _c.
082 _a620.004 GAR
100 _aGarratt, James
_957761
245 _aDesign and technology
250 _a2ND
260 _aUK
_bCAMBRIDGE UNVERSITY PRESS
_c1998
300 _a320P
650 _aDESIGN TECHNOLOGY DESIGN PROCESS STAGES AESTHETICS ERGONOMICS STRUCTURES MECHANISMS PNEUMATICS
_957762
942 _cBK
_2ddc
999 _c568021
_d568021